Yo, el rey
Novela histórica que relata las conquista del nuevo mundo en Perú, en la cual y bajo la narración de un escriba observador se nos muestra como el rey Carlos V tras la muerte del último conquistador, mandó un sacerdote, Pedro de la Gasca, para sofocar la rebelión solamente con una firma de “yo, el r...
Uloženo v:
| Hlavní autor: | |
|---|---|
| Médium: | Kniha |
| Jazyk: | Undetermined |
| Vydáno: |
Barcelona, España
Editorial Argos Vergara
1980
|
| Témata: | |
| Tagy: |
Přidat tag
Žádné tagy, Buďte první, kdo vytvoří štítek k tomuto záznamu!
|
MARC
| LEADER | 00000nam a2200000Ia 4500 | ||
|---|---|---|---|
| 008 | 170316s9999 xx 000 0 und d | ||
| 040 | |a cru BVZT | ||
| 090 | |a 820 C-8.1y | ||
| 100 | |a Clewes, Howard | ||
| 245 | |a Yo, el rey | ||
| 260 | |a Barcelona, España | ||
| 260 | |b Editorial Argos Vergara | ||
| 260 | |c 1980 | ||
| 300 | |a 301 páginas | ||
| 520 | |a Novela histórica que relata las conquista del nuevo mundo en Perú, en la cual y bajo la narración de un escriba observador se nos muestra como el rey Carlos V tras la muerte del último conquistador, mandó un sacerdote, Pedro de la Gasca, para sofocar la rebelión solamente con una firma de “yo, el rey” | ||
| 650 | |a LITERATURA INGLESA |9 12 | ||
| 650 | |a HISTORIA - YO EL REY | ||
| 999 | |c 6801 |d 6801 | ||
| 942 | |c 15 D |h 820 C-8.1y |2 z | ||
